Plants that belong to olive family (Oleaceae) - sudden death - Statistics

General Stats
  • This quiz has been taken 20 times
  • The average score is 2 of 10
Answers on the Grid
Answers color-coded by a green-red scale on the quiz's grid according to % correct below.
Field maple
Olive
Rapeseed
Fringetree
Pear
Sessile oak
Narrow-leaved ash
Persimmon
Forsythia
Privet (Ligustrum)
Box (Buxus)
Russian olive
White poplar
Common mulberry
Tea plant
Jasmine
Hortensia
Honeysuckle (Lonicera)
Common lilac
Mock-orange (Philadelphus)
Apple
American white ash
Sycamore maple
Peach
White forsythia
Banyan
Silver birch
European common ash
 
Answer Stats
Answer % Correct
Olive
100%
American white ash
20%
European common ash
20%
Narrow-leaved ash
20%
Privet (Ligustrum)
20%
Common lilac
10%
Fringetree
10%
Jasmine
10%
White forsythia
10%
Forsythia
0%
No matching quizzes found
Score Distribution
Percent of People with Each Score
Percentile by Number Answered
Your Score History
You have not taken this quiz